[Event "15th ch-Euro Seniors 2015"]
[Site "Eretria GRE"]
[Date "2015.04.29"]
[Round "1.1"]
[White "Ilandzis, Spyridon"]
[Black "Nunn, John D M"]
[Result "0-1"]
[BlackTitle "GM"]
[WhiteElo "2136"]
[BlackElo "2601"]
[WhiteFideId "4200276"]
[BlackFideId "400017"]
[EventDate "2015.04.29"]

1. d4 Nf6 2. c4 g6 3. Nc3 Bg7 4. e4 d6 5. Nf3 O-O 6. Be2 e5 7. O-O Nc6 8. d5 Ne7
9. b4 a5 10. Ba3 b6 11. bxa5 Nh5 12. Re1 f5 13. Bf1 fxe4 14. Ng5 e3 15. fxe3
Rxa5 16. Bb4 Ra8 17. a4 Bh6 18. Ne6 Bxe6 19. dxe6 Ng7 20. g3 Nxe6 21. Bg2 Rb8
22. Nb5 Kh8 23. a5 bxa5 24. Bxa5 Nf5 25. Ra3 Qd7 26. Bc3 Rbd8 27. Bd2 c6 28. Ra7
Qc8 29. Nc3 Qb8 30. Qa1 Nc5 31. Rb1 Qc8 32. Ne4 Nxe4 33. Bxe4 Rd7 34. Ra6 Bxe3+
35. Bxe3 Nxe3 36. c5 Rdf7 37. Rxc6 Qh3 0-1

[Event "15th ch-Euro Seniors 2015"]
[Site "Eretria GRE"]
[Date "2015.04.29"]
[Round "1.2"]
[White "Sturua, Zurab"]
[Black "Gamback, Bjorn"]
[Result "1-0"]
[WhiteTitle "GM"]
[BlackTitle "CM"]
[WhiteElo "2536"]
[BlackElo "2088"]
[WhiteFideId "13600095"]
[BlackFideId "1703161"]
[EventDate "2015.04.29"]

1. c4 c5 2. Nf3 Nf6 3. g3 e6 4. Bg2 d5 5. cxd5 exd5 6. O-O Be7 7. d4 O-O 8. Nc3
Nc6 9. b3 Ne4 10. Bb2 Bf6 11. Na4 b5 12. Nxc5 Nxc5 13. Rc1 Nxd4 14. Nxd4 Qb6 15.
Bxd5 Bh3 16. Bxa8 Bxf1 17. Kxf1 Rxa8 18. Qc2 Qb7 19. f3 Nd7 20. Nf5 Bxb2 21.
Qxb2 Nf6 22. Rc5 Rd8 23. Nxg7 Qb6 24. Nf5 Ne8 25. Rd5 Rxd5 26. Ne7+ Kf8 27. Nxd5
Qg6 28. Qh8+ Qg8 29. Qe5 Qg6 30. Qe7+ Kg7 31. Qxe8 Qh5 32. Qd8 Qh3+ 33. Kg1 1-0

[Event "15th ch-Euro Seniors 2015"]
[Site "Eretria GRE"]
[Date "2015.04.29"]
[Round "1.3"]
[White "Saunina, Ludmila"]
[Black "Arkell, Keith C"]
[Result "0-1"]
[WhiteTitle "WGM"]
[BlackTitle "GM"]
[WhiteElo "2183"]
[BlackElo "2509"]
[WhiteFideId "4108698"]
[BlackFideId "400270"]
[EventDate "2015.04.29"]

1. e4 c6 2. d4 d5 3. Nc3 g6 4. Nf3 Bg7 5. h3 dxe4 6. Nxe4 Nd7 7. Bc4 Ngf6 8.
Nxf6+ Nxf6 9. O-O O-O 10. Re1 b6 11. Qe2 e6 12. Bf4 Bb7 13. Be5 Qe7 14. Rad1
Rfd8 15. c3 Rac8 16. Bb3 Nd5 17. Bxg7 Kxg7 18. Qe5+ Qf6 19. g3 c5 20. Nd2 cxd4
21. cxd4 Nb4 22. Qxf6+ Kxf6 23. Ne4+ Bxe4 24. Rxe4 Rd6 25. Kf1 Rcd8 26. Ke2 Kg7
27. Ba4 Nd5 28. Re5 Ne7 29. d5 Nxd5 30. Re4 g5 31. Bb3 Ne7 32. Rxd6 Rxd6 33. h4
h6 34. hxg5 hxg5 35. Rc4 Nc6 36. Rc3 f5 37. Ke3 Kf6 38. Ba4 Nb4 39. Bb3 g4 40.
a3 Nc6 41. Ba4 Nd4 42. Bc2 Ke5 43. Bd1 Nb5 44. Rc1 Rd4 45. f4+ gxf3 46. Bxf3 Nd6
47. b3 Nb5 48. a4 Nd6 49. Rc3 Ne4 50. Bxe4 Rxe4+ 51. Kd3 Rg4 52. Kc2 Kd5 53.
Rd3+ Rd4 54. Rf3 a6 55. Kc3 b5 56. axb5 axb5 57. b4 Rg4 58. Rd3+ Ke4 59. Rd4+
Kf3 60. Rd6 Rc4+ 61. Kb3 Re4 62. Rb6 Re5 0-1

[Event "15th ch-Euro Seniors 2015"]
[Site "Eretria GRE"]
[Date "2015.04.29"]
[Round "1.4"]
[White "Kalegin, Evgenij"]
[Black "Hewson, Brian Wr"]
[Result "1-0"]
[WhiteTitle "IM"]
[WhiteElo "2457"]
[BlackElo "2099"]
[WhiteFideId "4103416"]
[BlackFideId "437484"]
[EventDate "2015.04.29"]

1. e4 c6 2. d4 d5 3. Nc3 e6 4. Nf3 Nd7 5. Bd3 dxe4 6. Nxe4 Ngf6 7. Nxf6+ Nxf6 8.
Qe2 Be7 9. Bd2 b6 10. O-O-O Bb7 11. Rhe1 Qc7 12. Ne5 Bd6 13. g3 O-O-O 14. Nc4
Rd7 15. Nxd6+ Qxd6 16. Bf4 Qe7 17. Qe5 Rc7 18. Qxc7+ Qxc7 19. Bxc7 Kxc7 20. f4
Ng4 21. f5 Bc8 22. Bc4 Re8 23. fxe6 Bxe6 24. Bxe6 fxe6 25. Rd2 Kd6 26. Rf1 Nf6
27. Rf4 Re7 28. g4 h6 29. h4 Nd5 30. Rf8 Nf6 31. Rg2 Nd7 32. Rf1 e5 33. dxe5+
Nxe5 34. g5 hxg5 35. Rxg5 g6 36. b3 Re6 37. Kb1 Nd7 38. Rf7 a5 39. Rg1 Ne5 40.
Rd1+ Kc5 41. Rf4 b5 42. a3 Kb6 43. Re1 Kc5 44. Rd1 Kb6 45. Re4 Kc7 46. c3 Re7
47. Kc2 Re6 48. c4 b4 49. axb4 axb4 50. c5 Re7 51. Rde1 1-0

[Event "15th ch-Euro Seniors 2015"]
[Site "Eretria GRE"]
[Date "2015.04.30"]
[Round "2.1"]
[White "Nunn, John D M"]
[Black "Smolin, Sergey1"]
[Result "1-0"]
[WhiteTitle "GM"]
[BlackTitle "IM"]
[WhiteElo "2601"]
[BlackElo "2272"]
[WhiteFideId "400017"]
[BlackFideId "4131177"]
[EventDate "2015.04.29"]

1. e4 g6 2. d4 Bg7 3. Nc3 a6 4. Be3 d6 5. h4 h5 6. Qd2 b5 7. O-O-O Bb7 8. Nh3
Nd7 9. Ng5 e6 10. Kb1 Ngf6 11. f3 O-O 12. g4 b4 13. Ne2 hxg4 14. Ng3 gxf3 15. h5
Nxh5 16. Rxh5 gxh5 17. Nxh5 Nf6 18. Qh2 Re8 19. Bd3 e5 20. Nxg7 Kxg7 21. Nh7 Ng4
22. Rg1 Bc8 23. Qh6+ Kg8 24. Nf6+ Qxf6 25. Qxf6 1-0

[Event "15th ch-Euro Seniors 2015"]
[Site "Eretria GRE"]
[Date "2015.04.30"]
[Round "2.2"]
[White "Furman, Boris"]
[Black "Sturua, Zurab"]
[Result "0-1"]
[WhiteTitle "FM"]
[BlackTitle "GM"]
[WhiteElo "2217"]
[BlackElo "2536"]
[WhiteFideId "4107187"]
[BlackFideId "13600095"]
[EventDate "2015.04.29"]

1. d4 Nf6 2. c4 e6 3. Nc3 Bb4 4. Nf3 c5 5. g3 Nc6 6. d5 Na5 7. Nd2 Bxc3 8. bxc3
O-O 9. Bg2 d6 10. O-O Ng4 11. e4 Ne5 12. f4 Nexc4 13. Nxc4 Nxc4 14. Qd3 exd5 15.
Qxd5 Be6 16. Qxb7 Qa5 17. f5 Rab8 18. Qe7 Qxc3 19. Bf4 Bc8 20. Rac1 Qd4+ 21. Kh1
Rb7 22. Rxc4 Qxc4 23. Qxd6 Rb2 24. Qe7 Ba6 25. Rg1 Qxa2 26. Bd6 Rc8 27. Bxc5 Bf1
28. Rxf1 Rxg2 29. Bg1 Qe2 30. Qb7 Rxh2+ 31. Bxh2 Qxf1+ 0-1

[Event "15th ch-Euro Seniors 2015"]
[Site "Eretria GRE"]
[Date "2015.04.30"]
[Round "2.3"]
[White "Arkell, Keith C"]
[Black "Nikolaidis, Konstantinos"]
[Result "1-0"]
[WhiteTitle "GM"]
[BlackTitle "FM"]
[WhiteElo "2509"]
[BlackElo "2190"]
[WhiteFideId "400270"]
[BlackFideId "4200578"]
[EventDate "2015.04.29"]

1. d4 Nf6 2. Nf3 g6 3. c4 Bg7 4. g3 O-O 5. Bg2 d6 6. Nc3 Nc6 7. O-O a6 8. b3 Rb8
9. Nd5 Nxd5 10. cxd5 Nb4 11. e4 f5 12. Ng5 c5 13. dxc6 Nxc6 14. exf5 Bxf5 15.
Be3 d5 16. Rc1 h6 17. Nh3 e5 18. g4 Be6 19. dxe5 Nxe5 20. Nf4 Bxg4 21. Qxd5+ Kh7
22. Qxd8 Rfxd8 23. Be4 Rd7 24. Kg2 Rf8 25. h3 Bf5 26. Bxf5 Rxf5 27. Ne6 Nc6 28.
Nc5 Rc7 29. Nxb7 Rxb7 30. Rxc6 Ra5 31. Rc2 g5 32. Rd1 Kg6 33. Rd6+ Kh5 34. Bd2
Ra3 35. Rd5 Rb5 36. Rd7 Bf8 37. Rd4 Be7 38. Re4 Bf8 39. Rec4 Be7 40. Rc6 Bf8 41.
R6c4 Be7 42. Kf1 Re5 43. Rc6 Bf8 44. Rc8 Bd6 45. R8c4 Bf8 46. Bc3 Re6 47. Rc8
Bd6 48. Rc6 Rg6 49. Rxd6 Rxd6 50. Bb4 Rxa2 51. Rxa2 Rd3 52. Rxa6 Rxh3 53. Bf8
Rxb3 54. Rxh6+ Kg4 55. Kg2 Rb2 56. Rc6 Rb8 57. Rc4+ Kh5 58. Be7 Rb7 59. Re4 Rb5
60. Kg3 Ra5 61. f3 Rb5 62. Rc4 Re5 63. Bb4 Rb5 64. Bd2 Rd5 65. Be3 Re5 66. Bf2
Ra5 67. Rc5 Ra3 68. Re5 Kg6 69. Kg4 Ra4+ 70. Re4 Ra2 71. Bg3 Ra6 72. Rd4 Ra5 73.
Rd6+ Kf7 74. Be1 Rb5 75. Bd2 1-0

[Event "15th ch-Euro Seniors 2015"]
[Site "Eretria GRE"]
[Date "2015.04.30"]
[Round "2.4"]
[White "Kasoshvili, Tsiala"]
[Black "Kalegin, Evgenij"]
[Result "0-1"]
[WhiteTitle "WIM"]
[BlackTitle "IM"]
[WhiteElo "2179"]
[BlackElo "2457"]
[WhiteFideId "13600354"]
[BlackFideId "4103416"]
[EventDate "2015.04.29"]

1. d4 Nf6 2. Nf3 g6 3. g3 Bg7 4. Bg2 O-O 5. c4 d6 6. Nc3 Nbd7 7. O-O e5 8. h3
exd4 9. Nxd4 Re8 10. Be3 Nc5 11. Qc2 a5 12. Rad1 Nfd7 13. Qd2 c6 14. Nc2 a4 15.
Bd4 Bf8 16. Rfe1 Qa5 17. Nb1 Qxd2 18. Nxd2 f5 19. b4 axb3 20. axb3 Ra2 21. Rc1
Ne5 22. f4 Nf7 23. Bc3 Bg7 24. Bxg7 Kxg7 25. b4 Na4 26. Kf2 Rb2 27. Nb1 Be6 28.
Nba3 Rb3 29. b5 Bd7 30. Ra1 Nc3 31. bxc6 bxc6 32. Nd4 Rb2 33. Rac1 Ne4+ 34. Bxe4
Rxe4 35. Nf3 Be6 36. Rc3 d5 37. cxd5 Bxd5 38. Nc2 Ra4 39. Ne3 Be4 40. Nc4 Rba2
41. Nce5 Nd6 42. Rec1 Bd5 43. R3c2 Ne4+ 44. Kg2 c5 45. Nd7 Ra7 46. Nde5 Bb3 47.
Rxa2 Rxa2 48. Ng1 Bd5 49. Kh2 Nd2 50. Nd3 Nb3 51. Rc3 Nd2 52. Rc1 Rc2 53. Re1
Be4 54. Nc1 c4 55. g4 Nb3 56. Nxb3 cxb3 0-1

[Event "15th ch-Euro Seniors 2015"]
[Site "Eretria GRE"]
[Date "2015.05.01"]
[Round "3.1"]
[White "Fernandes, Antonio"]
[Black "Nunn, John D M"]
[Result "0-1"]
[WhiteTitle "GM"]
[BlackTitle "GM"]
[WhiteElo "2369"]
[BlackElo "2601"]
[WhiteFideId "1900021"]
[BlackFideId "400017"]
[EventDate "2015.04.29"]

1. d4 Nf6 2. c4 g6 3. Nc3 Bg7 4. g3 O-O 5. Bg2 d6 6. Nf3 Nc6 7. O-O Rb8 8. b3 a6
9. Bb2 b5 10. cxb5 axb5 11. Rc1 b4 12. Na4 Na7 13. Ne1 Bb7 14. Qd2 Bxg2 15. Nxg2
Qd7 16. Rc4 Rb5 17. f3 Rfb8 18. Rc2 c6 19. e3 Bh6 20. Bc1 Qb7 21. Qf2 Nd7 22. e4
Bg7 23. Be3 Ra5 24. Qd2 Nb5 25. Rfc1 Qa7 26. Rd1 Rxa4 27. bxa4 Nc3 28. Rf1 Qxa4
29. Nf4 Nb6 30. Rxc3 bxc3 31. Qxc3 c5 32. e5 cxd4 33. Bxd4 Rc8 34. Qa1 Rc6 35.
Nd3 0-1

[Event "15th ch-Euro Seniors 2015"]
[Site "Eretria GRE"]
[Date "2015.05.01"]
[Round "3.2"]
[White "Sturua, Zurab"]
[Black "Bellia, Fabrizio"]
[Result "1-0"]
[WhiteTitle "GM"]
[BlackTitle "IM"]
[WhiteElo "2536"]
[BlackElo "2419"]
[WhiteFideId "13600095"]
[BlackFideId "800511"]
[EventDate "2015.04.29"]

1. d4 Nf6 2. c4 e6 3. Nc3 Bb4 4. e3 O-O 5. Ne2 d5 6. a3 Be7 7. cxd5 exd5 8. g3
Nbd7 9. Bg2 Nb6 10. O-O a5 11. Qc2 g6 12. a4 Bf5 13. Qd1 Qd7 14. Nf4 Bb4 15.
Nce2 Rfe8 16. b3 h5 17. f3 Qc6 18. Ra2 Nbd7 19. h3 g5 20. Nd3 Qe6 21. g4 hxg4
22. hxg4 Bg6 23. Nxb4 axb4 24. Qe1 Qe7 25. Qg3 Rac8 26. e4 dxe4 27. Bxg5 e3 28.
f4 Be4 29. Qh4 Bxg2 30. Ng3 e2 31. Rxe2 Qxe2 32. Nxe2 Bxf1 33. Bxf6 Nxf6 34.
Qg5+ Kf8 35. Ng3 Bd3 36. Qxf6 Re1+ 37. Kf2 Ree8 38. f5 Rcd8 39. Qh6+ Ke7 40.
Qe3+ 1-0

[Event "15th ch-Euro Seniors 2015"]
[Site "Eretria GRE"]
[Date "2015.05.01"]
[Round "3.3"]
[White "Petran, Peter"]
[Black "Arkell, Keith C"]
[Result "1/2-1/2"]
[WhiteTitle "IM"]
[BlackTitle "GM"]
[WhiteElo "2352"]
[BlackElo "2509"]
[WhiteFideId "14900114"]
[BlackFideId "400270"]
[EventDate "2015.04.29"]

1. c4 c5 2. Nc3 Nc6 3. g3 g6 4. Bg2 Bg7 5. e4 Rb8 6. Nge2 a6 7. a4 e6 8. d3 Nge7
9. O-O O-O 10. Bf4 d6 11. Qd2 e5 12. Bh6 f6 13. Bxg7 Kxg7 14. f4 Qa5 15. Rfd1
Bg4 16. h3 Bxe2 17. Nxe2 Qxd2 18. Rxd2 b5 19. axb5 axb5 20. b3 bxc4 21. bxc4 Ra8
22. Rxa8 Rxa8 23. Nc3 Nd4 24. fxe5 fxe5 25. Ra2 Rxa2 26. Nxa2 Kf7 27. Kf2 Ke8
28. h4 Kd8 29. Bh3 h6 30. Bg4 Kc7 31. Ke3 Nec6 32. Bd1 Nb4 33. Nc3 Kb6 34. Kd2
Ka5 35. Ke3 g5 36. hxg5 hxg5 37. Kd2 Kb6 38. Na4+ Kc7 39. Nc3 Kd7 40. Ke3 Ke7
41. Kd2 Ne6 42. Bg4 1/2-1/2

[Event "15th ch-Euro Seniors 2015"]
[Site "Eretria GRE"]
[Date "2015.05.01"]
[Round "3.5"]
[White "Chapman, Terry P D"]
[Black "Berkovich, Mark A"]
[Result "1/2-1/2"]
[WhiteTitle "FM"]
[BlackTitle "IM"]
[WhiteElo "2268"]
[BlackElo "2363"]
[WhiteFideId "413399"]
[BlackFideId "2801639"]
[EventDate "2015.04.29"]

1. Nf3 d5 2. d4 Nf6 3. c4 e6 4. g3 dxc4 5. Bg2 Bd7 6. Ne5 Bc6 7. Nxc6 Nxc6 8.
O-O Qd7 9. e3 O-O-O 10. Qa4 Nd5 11. Qxc4 f5 12. Bd2 h5 13. h4 g5 14. hxg5 h4 15.
f4 hxg3 16. Rf3 Qh7 17. Rxg3 Bg7 18. Nc3 Nxf4 19. exf4 Qh2+ 20. Kf2 Bxd4+ 21.
Be3 Bxe3+ 22. Rxe3 Rd2+ 23. Ne2 Nd4 24. Ke1 Rd8 25. Kxd2 Nxe2+ 26. Rd3 Rxd3+ 27.
Kxe2 Rd6 28. Kf1 b5 29. Qc3 Qxf4+ 30. Qf3 Qxg5 31. Qb7+ Kd7 32. Qxb5+ Ke7 33.
Qc5 Qf4+ 34. Kg1 Qd4+ 35. Qxd4 Rxd4 36. Rc1 Kd7 37. Bf3 e5 38. Rc2 e4 39. Bh5
Kd6 40. Kf2 f4 41. b3 c5 42. Bf7 1/2-1/2

[Event "15th ch-Euro Seniors 2015"]
[Site "Eretria GRE"]
[Date "2015.05.02"]
[Round "4.1"]
[White "Nunn, John D M"]
[Black "Sturua, Zurab"]
[Result "1/2-1/2"]
[WhiteTitle "GM"]
[BlackTitle "GM"]
[WhiteElo "2601"]
[BlackElo "2536"]
[WhiteFideId "400017"]
[BlackFideId "13600095"]
[EventDate "2015.04.29"]

1. e4 e5 2. Nf3 Nc6 3. Bb5 g6 4. d4 exd4 5. c3 d3 6. Qxd3 Bg7 7. Bg5 Nge7 8.
Nbd2 h6 9. Be3 a6 10. Ba4 b5 11. Bb3 d6 12. a4 Rb8 13. O-O O-O 14. axb5 1/2-1/2

[Event "15th ch-Euro Seniors 2015"]
[Site "Eretria GRE"]
[Date "2015.05.02"]
[Round "4.3"]
[White "Berkovich, Mark A"]
[Black "Petran, Peter"]
[Result "1/2-1/2"]
[WhiteTitle "IM"]
[BlackTitle "IM"]
[WhiteElo "2363"]
[BlackElo "2352"]
[WhiteFideId "2801639"]
[BlackFideId "14900114"]
[EventDate "2015.04.29"]

1. Nf3 g6 2. e4 c6 3. d4 d5 4. Nc3 Bg4 5. h3 Bxf3 6. Qxf3 e6 7. Be3 Nf6 8. e5
Nfd7 9. O-O-O c5 10. dxc5 Nc6 11. Nb5 Ndxe5 12. Qg3 a6 13. Nd6+ Bxd6 14. cxd6 f6
15. Be2 Qxd6 16. Qh4 Qe7 17. Rhe1 O-O-O 18. Kb1 g5 19. Qa4 Qb4 20. Qxb4 Nxb4 21.
g3 Nbc6 22. Bh5 Rd7 23. b3 Ng6 24. Bg4 Re8 25. Bc1 Nce5 26. Bh5 Rdd8 27. Re2 Nc6
28. Bg4 Nce5 29. Bh5 Nc6 30. Bg4 Nce5 31. Bh5 1/2-1/2

[Event "15th ch-Euro Seniors 2015"]
[Site "Eretria GRE"]
[Date "2015.05.02"]
[Round "4.4"]
[White "Nikolaidis, Konstantinos"]
[Black "Kalegin, Evgenij"]
[Result "1/2-1/2"]
[WhiteTitle "FM"]
[BlackTitle "IM"]
[WhiteElo "2190"]
[BlackElo "2457"]
[WhiteFideId "4200578"]
[BlackFideId "4103416"]
[EventDate "2015.04.29"]

1. d4 d6 2. e4 a6 3. c4 e5 4. Nf3 Nd7 5. Nc3 Ngf6 6. Be2 Be7 7. O-O O-O 8. Re1
c6 9. a3 Qc7 10. h3 Re8 11. Qc2 Nf8 12. Be3 Ng6 13. dxe5 dxe5 14. c5 Nh5 15. b4
Nhf4 16. Bf1 Ne6 17. Na4 Nh4 18. Nxh4 Bxh4 19. Nb6 Rb8 20. Rad1 Bg5 21. Nc4 Bxe3
22. fxe3 Nf8 23. Nd6 Re7 24. Rd2 Be6 25. Qc3 f6 26. Red1 g6 27. Kh2 Rg7 28. Rf2
Qe7 29. a4 h5 30. Bc4 Nh7 31. a5 Kh8 32. Bxe6 Qxe6 33. Qc4 Qe7 34. Qd3 Rf8 35.
Rdf1 h4 36. Qe2 Qe6 37. Qc4 Qxc4 38. Nxc4 Re7 39. Nd6 Kg7 40. Rd1 Ng5 41. Rdf1
Ne6 42. Rd1 Kh6 43. Rdf1 Kg5 44. Rf3 Ng7 45. g3 Nh5 46. gxh4+ Kh6 47. R3f2 Kh7
48. Rg2 Rg7 49. Rg4 Rd8 1/2-1/2

[Event "15th ch-Euro Seniors 2015"]
[Site "Eretria GRE"]
[Date "2015.05.03"]
[Round "5.4"]
[White "Fernandes, Antonio"]
[Black "Chapman, Terry P D"]
[Result "1-0"]
[WhiteTitle "GM"]
[BlackTitle "FM"]
[WhiteElo "2369"]
[BlackElo "2268"]
[WhiteFideId "1900021"]
[BlackFideId "413399"]
[EventDate "2015.04.29"]

1. d4 d6 2. e4 Nf6 3. Nc3 g6 4. Nge2 Bg7 5. g3 O-O 6. Bg2 e5 7. h3 c6 8. a4 exd4
9. Nxd4 Na6 10. O-O Nb4 11. Re1 Re8 12. Nde2 d5 13. Bg5 Qa5 14. exd5 Nfxd5 15.
Nxd5 Nxd5 16. c3 Nb6 17. Bf4 Be6 18. Nd4 Bd5 19. Rxe8+ Rxe8 20. b4 Qa6 21. a5
Qc4 22. axb6 Qxc3 23. bxa7 Ra8 24. Bxd5 Bxd4 25. Rc1 1-0

[Event "15th ch-Euro Seniors 2015"]
[Site "Eretria GRE"]
[Date "2015.05.03"]
[Round "5.5"]
[White "Mednikova, Svetlana"]
[Black "Berkovich, Mark A"]
[Result "0-1"]
[WhiteTitle "WGM"]
[BlackTitle "IM"]
[WhiteElo "2205"]
[BlackElo "2363"]
[WhiteFideId "4109961"]
[BlackFideId "2801639"]
[EventDate "2015.04.29"]

1. e4 c6 2. d3 d5 3. Nd2 e5 4. Ngf3 Bd6 5. g3 Nf6 6. Bg2 O-O 7. O-O Re8 8. exd5
cxd5 9. h3 Nc6 10. Re1 h6 11. c3 e4 12. dxe4 dxe4 13. Nd4 Nxd4 14. cxd4 Bf5 15.
Nc4 Bb4 16. Re2 Rc8 17. Ne3 Bg6 18. a3 Ba5 19. Bd2 Bb6 20. Bc3 Nd5 21. Qb3 Nxc3
22. bxc3 Qd7 23. Rb1 Bc7 24. Qd5 Qxd5 25. Nxd5 b6 26. Rbe1 f5 27. g4 Bf7 28.
Nxc7 Rxc7 29. gxf5 Rxc3 30. a4 Rc4 31. a5 bxa5 32. Rxe4 Rxe4 33. Rxe4 a4 34. Re7
Rc1+ 35. Kh2 a3 36. d5 a2 37. d6 a1=Q 38. d7 Rd1 39. Re8+ Kh7 40. f6 Qxf6 0-1

[Event "15th ch-Euro Seniors 2015"]
[Site "Eretria GRE"]
[Date "2015.05.04"]
[Round "6.1"]
[White "Berkovich, Mark A"]
[Black "Sturua, Zurab"]
[Result "1/2-1/2"]
[WhiteTitle "IM"]
[BlackTitle "GM"]
[WhiteElo "2363"]
[BlackElo "2536"]
[WhiteFideId "2801639"]
[BlackFideId "13600095"]
[EventDate "2015.04.29"]

1. Nf3 Nf6 2. g3 g6 3. Bg2 Bg7 4. O-O O-O 5. d4 d6 6. Nc3 Nc6 7. d5 Nb8 8. e4 c6
9. Bg5 Bg4 10. Qd2 Bxf3 11. Bxf3 Nbd7 12. Bg2 Re8 13. Rfe1 Rc8 14. Ne2 Qb6 15.
c3 Nc5 16. Nd4 1/2-1/2

[Event "15th ch-Euro Seniors 2015"]
[Site "Eretria GRE"]
[Date "2015.05.04"]
[Round "6.2"]
[White "Arkell, Keith C"]
[Black "Fernandes, Antonio"]
[Result "1-0"]
[WhiteTitle "GM"]
[BlackTitle "GM"]
[WhiteElo "2509"]
[BlackElo "2369"]
[WhiteFideId "400270"]
[BlackFideId "1900021"]
[EventDate "2015.04.29"]

1. d4 Nf6 2. Nf3 g6 3. c4 Bg7 4. Nc3 d5 5. cxd5 Nxd5 6. g3 c5 7. Bg2 Nxc3 8.
bxc3 Nc6 9. e3 O-O 10. O-O Be6 11. Nd2 cxd4 12. cxd4 Bd5 13. Bxd5 Qxd5 14. Qb3
Rfd8 15. Rb1 Qxb3 16. Nxb3 e5 17. dxe5 Nxe5 18. Bb2 Rac8 19. Kg2 Rc2 20. Nd4 Rc4
21. Ba1 b6 22. Rfd1 Ra4 23. Nf5 Re8 24. Nxg7 Kxg7 25. f4 Rxa2+ 26. Kg1 Rxa1 27.
Rxa1 Ng4 28. Rxa7 Nxe3 29. Re1 Kf6 30. g4 h6 31. h4 Re6 32. g5+ hxg5 33. hxg5+
Kg7 34. Rd7 Kf8 35. Rc1 Nf5 36. Rc8+ Re8 37. Rcc7 Re7 38. Kf2 Rxd7 39. Rxd7 b5
40. Kf3 Ke8 41. Ra7 Kf8 42. Ke4 Kg7 43. Ke5 Ne3 44. Rb7 Nc4+ 45. Kd4 Nd6 46. Rb6
Nf5+ 47. Ke5 Ng3 48. Rxb5 Nf5 49. Rb8 Ng3 50. Kd6 Nh5 51. Rb4 Ng3 52. Ke7 Nf5+
53. Ke8 Nd6+ 54. Kd7 Nf5 55. Rb7 Kf8 56. Rb8+ Kg7 57. Rd8 Kh7 58. Ke8 Kg7 59.
Rd3 Kg8 60. Rd7 1-0

[Event "15th ch-Euro Seniors 2015"]
[Site "Eretria GRE"]
[Date "2015.05.04"]
[Round "6.3"]
[White "Nunn, John D M"]
[Black "Petran, Peter"]
[Result "1/2-1/2"]
[WhiteTitle "GM"]
[BlackTitle "IM"]
[WhiteElo "2601"]
[BlackElo "2352"]
[WhiteFideId "400017"]
[BlackFideId "14900114"]
[EventDate "2015.04.29"]

1. e4 c6 2. d4 d5 3. f3 g6 4. Nc3 Bg7 5. Be3 dxe4 6. fxe4 Nf6 7. Nf3 Ng4 8. Bg5
h6 9. Bh4 Qb6 10. Qd2 e5 11. Nxe5 Nxe5 12. dxe5 O-O 13. O-O-O Be6 14. Be7 Re8
15. Na4 Qc7 16. Bd6 Qc8 17. Nc5 Bg4 18. Be2 Bxe2 19. Qxe2 b6 20. Nd3 Nd7 21. Qe3
Nxe5 22. Nxe5 Bxe5 23. Qxh6 Bg7 24. Qf4 Qe6 25. Kb1 1/2-1/2

[Event "15th ch-Euro Seniors 2015"]
[Site "Eretria GRE"]
[Date "2015.05.04"]
[Round "6.5"]
[White "Chapman, Terry P D"]
[Black "Nikolaidis, Konstantinos"]
[Result "1-0"]
[WhiteTitle "FM"]
[BlackTitle "FM"]
[WhiteElo "2268"]
[BlackElo "2190"]
[WhiteFideId "413399"]
[BlackFideId "4200578"]
[EventDate "2015.04.29"]

1. Nf3 Nf6 2. c4 g6 3. d4 Bg7 4. g3 O-O 5. Bg2 d6 6. Nc3 c6 7. O-O Qa5 8. e4 e5
9. h3 Nbd7 10. Re1 exd4 11. Nxd4 Ne5 12. Bf1 Re8 13. Kh1 a6 14. f4 Ned7 15. Rb1
Qc7 16. Bg2 Rb8 17. a4 a5 18. Ndb5 cxb5 19. Nxb5 Qxc4 20. Nxd6 Qa2 21. Be3 Re6
22. f5 gxf5 23. exf5 Re5 24. Qc2 Nd5 25. Ba7 Ra8 26. Nxc8 Nb4 27. Qc7 Nd3 28.
Rf1 Re8 29. Qxd7 Rexc8 30. Bd5 Rc7 31. Qb5 Rc5 32. Qxc5 Nxc5 33. Bxa2 Rxa7 34.
f6 Bf8 35. Rbd1 Ra8 36. Rf4 Bh6 37. Rg4+ 1-0

[Event "15th ch-Euro Seniors 2015"]
[Site "Eretria GRE"]
[Date "2015.05.05"]
[Round "7.1"]
[White "Sturua, Zurab"]
[Black "Arkell, Keith C"]
[Result "1-0"]
[WhiteTitle "GM"]
[BlackTitle "GM"]
[WhiteElo "2536"]
[BlackElo "2509"]
[WhiteFideId "13600095"]
[BlackFideId "400270"]
[EventDate "2015.04.29"]

1. d4 e6 2. c4 Bb4+ 3. Nc3 c5 4. e3 Bxc3+ 5. bxc3 f5 6. e4 cxd4 7. exf5 Qa5 8.
Ne2 Nc6 9. Bd2 d3 10. Nd4 Qe5+ 11. Be3 exf5 12. Qxd3 f4 13. Nxc6 bxc6 14. Qd4 d6
15. Qxe5+ dxe5 16. Bc5 Nf6 17. Bd3 Kf7 18. O-O-O Bg4 19. f3 Bh5 20. Bc2 g5 21.
Rd6 Bg6 22. Ba4 Rac8 23. Rhd1 Bf5 24. Bxc6 Rc7 25. Bb4 Rb8 26. Bb5 Be6 27. Ra6
Bxc4 28. Bd6 Bxb5 29. Bxc7 Rb7 30. Ra5 e4 31. fxe4 Rxc7 32. Rxb5 Nxe4 33. Re1
Nxc3 34. Ra5 Nd5+ 35. Kd2 Rd7 36. Ke2 g4 37. Rc1 Ke6 38. Rc6+ Ke5 39. Rh6 Ke4
40. Re6+ Kf5 41. Re8 Kf6 42. Kf2 Nb4 43. Re4 Nd3+ 44. Ke2 Nc1+ 45. Kf1 Nd3 46.
h3 gxh3 47. gxh3 Rg7 48. Rd4 Rg3 49. Ra3 Rf3+ 50. Kg1 Ne5 51. Rd6+ Ke7 52. Rda6
Nd3 53. Rh6 Kf8 54. Rd6 Rg3+ 55. Kh2 Nc5 56. Rxg3 fxg3+ 57. Kg2 1-0

[Event "15th ch-Euro Seniors 2015"]
[Site "Eretria GRE"]
[Date "2015.05.05"]
[Round "7.2"]
[White "Berkovich, Mark A"]
[Black "Nunn, John D M"]
[Result "0-1"]
[WhiteTitle "IM"]
[BlackTitle "GM"]
[WhiteElo "2363"]
[BlackElo "2601"]
[WhiteFideId "2801639"]
[BlackFideId "400017"]
[EventDate "2015.04.29"]

1. Nf3 Nf6 2. g3 g6 3. Bg2 Bg7 4. O-O O-O 5. d4 d5 6. c4 dxc4 7. Na3 Nc6 8. Nxc4
Be6 9. b3 Bd5 10. Bb2 a5 11. Ne3 Be4 12. a3 Qc8 13. Nc4 Rd8 14. e3 Bd5 15. Qe2
Ne4 16. Rac1 Qe6 17. Rfd1 h6 18. Nfe5 Nxe5 19. Nxe5 c5 20. f3 Bxb3 21. fxe4 Bxd1
22. Rxd1 cxd4 23. Nd3 dxe3 24. Bxg7 Kxg7 25. Rb1 Qc4 26. Bf1 Qxe4 27. Qb2+ Qd4
28. Qxd4+ Rxd4 29. Rxb7 Rad8 30. Rb3 Re4 31. Be2 Rc8 32. Kg2 a4 33. Rb2 Rc3 34.
Kf3 f5 35. Rb6 g5 36. g4 Rxg4 37. Re6 Re4 38. Ne5 h5 0-1